Biohydrogen production : (Record no. 52864)

MARC details
000 -LEADER
fixed length control field 00586nam a2200205Ia 4500
005 - DATE AND TIME OF LATEST TRANSACTION
control field 20260429112211.0
008 - FIXED-LENGTH DATA ELEMENTS--GENERAL INFORMATION
fixed length control field 260429s9999||||xx |||||||||||||| ||und||
020 ## - INTERNATIONAL STANDARD BOOK NUMBER
International Standard Book Number 9781466517998
041 ## - LANGUAGE CODE
Language English
082 ## - DEWEY DECIMAL CLASSIFICATION NUMBER
Classification number 665.81
Item number DAS
100 ## - MAIN ENTRY--PERSONAL NAME
Personal name Das, Debabrata
245 #0 - TITLE STATEMENT
Title Biohydrogen production :
Remainder of title fundamentals and technology advances /
Statement of responsibility, etc Debabrata Das
260 ## - PUBLICATION, DISTRIBUTION, ETC. (IMPRINT)
Place of publication, distribution, etc Boca Raton :
Name of publisher, distributor, etc CRC Press,
Date of publication, distribution, etc 2014.
300 ## - PHYSICAL DESCRIPTION
Extent xx, 384 p.; hb
650 ## - SUBJECT ADDED ENTRY--TOPICAL TERM
Topical term or geographic name as entry element Hydrogen
650 ## - SUBJECT ADDED ENTRY--TOPICAL TERM
Topical term or geographic name as entry element Industrial technology
700 ## - ADDED ENTRY--PERSONAL NAME
Personal name Dasgupta, Chitralekha Nag
700 ## - ADDED ENTRY--PERSONAL NAME
Personal name Khanna, Namita
942 ## - ADDED ENTRY ELEMENTS (KOHA)
Koha item type Text Books
Holdings
Withdrawn status Lost status Damaged status Not for loan Collection code Home library Location Shelving location Date of Cataloging Source of acquisition Total Checkouts Full call number Barcode Date last seen Price effective from Koha item type
        Non-fiction CUTN Central Library CUTN Central Library Medicine, Technology & Management 29/04/2026 Apollo Book Distributors, Bengaluru - Invoice No. 2025-2026/219 on 24-02-2026   665.81 DAS 57993 29/04/2026 29/04/2026 Text Books